000 00255 a2200109 4500
001 63503
082 _a358.414 ETH
090 _c37517
_d37517
100 _aEthell Jeffrey
245 _aAir war; South Atlantic
260 _aLahore
_bPAF Book Club]
_c1983
942 _aNUST-CAE
_k358.414 ETH
999 _c298576
_d298576